000 02359nam0a22003731 4500
001 v19\rc\2099469
005 20260407151433.0
035 _a(NLR Aleph) 005175719
090 _a5099665
_c5099665
100 _a20090914d1801 |||y0rusy50 ca
101 0 _arus
102 _aRU
135 _acrmn mmmanaba
140 _ay y zz aayaa0000
200 1 _aОда его императорскому величеству Александру Павловичу самодержцу всероссийскому при его всерадостном возшествии на прародительский престол,
_fвсеподданнейше поднесенная находящимся в Главном почтовом правлении губернским секретарем Григорьем Городчаниновым, и удостоенная высокомонаршаго благоволения. 1801 года марта 13 дня
210 _aВ Санктпетербурге
_cпри Губернском правлении
_d1801
215 _a[6] с.
_c4° (25 см)
321 1 _aСК 1801-1825 1911
325 1 _aКопия доступна в электронной библиотеке РНБ
620 _dСанкт-Петербург
700 1 _8rus
_7ca
_aГородчанинов
_bГ. Н.
_f1772-1852
_gГригорий Николаевич
_3RU\NLR\AUTH\77127168
_9110092
702 0 _4280
_8rus
_7ca
_aАлександр
_cимператор российский
_dI
_f1777-1825
_3RU\NLR\AUTH\775342
_9115306
712 0 2 _4610
_aПетербургское губернское правление
_bТипография
_3RU\NLR\AUTH\8810027521
_9553515
801 0 _aRU
_bNLR
_gpsbo
801 1 _aRU
_bProSoft-M
_2rusmarc
801 2 _aRU
_bNLR
_c20160302
_2rusmarc
852 _aNLR
_j18.154.1.424
901 _eКнижные издания
942 _cBOOK
980 _aNB
981 2 2 _a(22) Материалы по истории России
_b(22) Российский императорский дом
981 2 2 _a(22) Материалы по истории России
_b(22) Культура. Наука. Просвещение.
981 2 0 _a(20) Книжные памятники РНБ
_b(20) Русский книжный фонд